[Event "Madrid-ch Semifinal A"]
[Site "Madrid ESP"]
[Date "2016.03.28"]
[Round "7.14"]
[White "Pashov, Spas Nikolov"]
[Black "Perez Cameselle, Francisco Jose"]
[Result "1-0"]
[WhiteElo "1834"]
[BlackElo "1868"]
[PlyCount "143"]
[EventDate "2016.03.07"]
[EventType "swiss"]
[EventRounds "9"]
[EventCountry "ESP"]
[Source "lmi"]
[SourceDate "2016.03.07"]

1. e4 c5 2. Nf3 Nc6 3. d4 cxd4 4. Nxd4 g6 5. Nc3 Bg7 6. Be3 Nf6 7. Be2 O-O 8.
O-O d5 9. exd5 Nxd5 10. Nxd5 Qxd5 11. Bf3 Qc4 12. Nxc6 bxc6 13. c3 Bf5 14. Qb3
Qa6 15. a4 Rab8 16. Qa3 e5 17. Rac1 e4 18. Bd1 Be6 19. b3 Rfd8 20. Bc5 Qb7 21.
Re1 Qd7 22. c4 f5 23. Be7 Re8 24. Bd6 Rbd8 25. Bc5 a6 26. Be2 Qd2 27. Be3 Qb2
28. Qxb2 Bxb2 29. Rc2 Bd4 30. b4 Bxe3 31. fxe3 a5 32. Rb2 axb4 33. Rxb4 Rb8 34.
Reb1 Rxb4 35. Rxb4 Rd8 36. Rb2 Ra8 37. Ra2 Ra5 38. Kf1 Kf7 39. Ke1 Ke7 40. Ra3
Kd6 41. Kd2 Kc5 42. Kc3 g5 43. g3 h6 44. Ra1 Ra7 45. a5 Bc8 46. Bh5 Be6 47. Bg6
Rd7 48. a6 Ra7 49. Ra5+ Kb6 50. Re5 Bc8 51. Bxf5 Bxf5 52. Rxf5 Rxa6 53. Kd4 Ra2
54. h4 gxh4 55. gxh4 Rg2 56. Rf6 h5 57. Rf5 c5+ 58. Kxe4 Rg4+ 59. Rf4 Rg1 60.
Rf6+ Kc7 61. Kd5 Rg4 62. Rf4 Rg3 63. e4 Rg7 64. Kxc5 Re7 65. Kd5 Rd7+ 66. Ke5
Kc6 67. Kf5 Re7 68. e5 Kc5 69. Kf6 Rh7 70. Re4 Rh6+ 71. Kf5 Kc6 72. e6 1-0

[Event "Madrid-ch Semifinal A"]
[Site "Madrid ESP"]
[Date "2016.03.28"]
[Round "7.15"]
[White "Valencia De Loma, Sergio"]
[Black "Martin-Consuegra Barrilero, Francisco Javier"]
[Result "1/2-1/2"]
[WhiteElo "1689"]
[BlackElo "1841"]
[PlyCount "77"]
[EventDate "2016.03.07"]
[EventType "swiss"]
[EventRounds "9"]
[EventCountry "ESP"]
[Source "lmi"]
[SourceDate "2016.03.07"]

1. e4 d6 2. d4 Nf6 3. Nc3 e5 4. dxe5 dxe5 5. Qxd8+ Kxd8 6. Nf3 Bd6 7. Be3 a6 8.
O-O-O Ke8 9. Nd2 b5 10. f3 Be6 11. a4 b4 12. Ncb1 Nc6 13. Nc4 Bxc4 14. Bxc4 Na5
15. Be2 Ke7 16. Nd2 Nd7 17. Nc4 Nxc4 18. Bxc4 a5 19. b3 c6 20. Rd2 Rhd8 21.
Rhd1 Bc5 22. Bxc5+ Nxc5 23. Rxd8 Rxd8 24. Rxd8 Kxd8 25. Bxf7 Ke7 26. Bc4 g5 27.
Kd2 Nb7 28. Ke3 Nd6 29. Bd3 c5 30. g3 Kf6 31. f4 h6 32. h4 gxh4 33. gxh4 exf4+
34. Kxf4 Nf7 35. Bc4 Ne5 36. Bd5 Ng6+ 37. Kg4 Ne5+ 38. Kf4 Ng6+ 39. Kg4 1/2-1/2

[Event "Madrid-ch Semifinal A"]
[Site "Madrid ESP"]
[Date "2016.03.29"]
[Round "8.1"]
[White "Quevedo Marin, Manuel"]
[Black "Pastor Alonso De Prado, Alberto"]
[Result "1-0"]
[WhiteElo "2231"]
[BlackElo "2141"]
[PlyCount "55"]
[EventDate "2016.03.07"]
[EventType "swiss"]
[EventRounds "9"]
[EventCountry "ESP"]
[Source "lmi"]
[SourceDate "2016.03.07"]

1. e4 e6 2. b3 d5 3. Bb2 dxe4 4. Nc3 Nf6 5. Qe2 Be7 6. Nxe4 O-O 7. Nf3 a5 8.
Qe3 Nxe4 9. Qxe4 Bf6 10. Bd3 g6 11. Bxf6 Qxf6 12. O-O Nd7 13. Qe3 Rd8 14. Rad1
a4 15. Bb5 c6 16. Bd3 Kg7 17. b4 a3 18. c3 c5 19. Rb1 b6 20. Be4 Ra7 21. Rfd1
Ba6 22. d4 Rc7 23. dxc5 bxc5 24. b5 Bb7 25. b6 Nxb6 26. Rxd8 Nc4 27. Qg5 Bxe4
28. Rg8+ 1-0

[Event "Madrid-ch Semifinal A"]
[Site "Madrid ESP"]
[Date "2016.03.29"]
[Round "8.2"]
[White "Plazuelo Pascual, Juan"]
[Black "Longa Yauca, Javier"]
[Result "1/2-1/2"]
[WhiteElo "2249"]
[BlackElo "2276"]
[PlyCount "45"]
[EventDate "2016.03.07"]
[EventType "swiss"]
[EventRounds "9"]
[EventCountry "ESP"]
[Source "lmi"]
[SourceDate "2016.03.07"]

1. d4 Nf6 2. Nf3 d5 3. c4 c6 4. e3 e6 5. b3 Bb4+ 6. Nbd2 Bc3 7. Rb1 Nbd7 8. Qc2
Qa5 9. a3 Ne4 10. Bd3 f5 11. b4 Qd8 12. O-O Bxd2 13. Nxd2 O-O 14. f3 Nef6 15.
Bb2 a5 16. e4 g6 17. Bc3 axb4 18. axb4 fxe4 19. fxe4 Ng4 20. Rxf8+ Qxf8 21. Nf3
Ndf6 22. cxd5 exd5 23. Re1 1/2-1/2

[Event "Madrid-ch Semifinal A"]
[Site "Madrid ESP"]
[Date "2016.03.29"]
[Round "8.3"]
[White "Lopez de Turiso, Jose Angel"]
[Black "Iagar, Razvan-Gabriel"]
[Result "0-1"]
[WhiteElo "2051"]
[BlackElo "2136"]
[PlyCount "110"]
[EventDate "2016.03.07"]
[EventType "swiss"]
[EventRounds "9"]
[EventCountry "ESP"]
[Source "lmi"]
[SourceDate "2016.03.07"]

1. c4 e6 2. Nc3 d5 3. e3 Nf6 4. Nf3 Be7 5. b3 O-O 6. Bb2 c5 7. cxd5 Nxd5 8.
Nxd5 Qxd5 9. Bc4 Qh5 10. O-O b6 11. Be2 Bb7 12. Ne5 Qh4 13. Bf3 Bd5 14. g3 Qh6
15. Bxd5 exd5 16. Qf3 Qe6 17. d4 f6 18. Nd3 Qe4 19. Qxe4 dxe4 20. Nf4 Na6 21.
Rfd1 Rfd8 22. h4 Kf7 23. Bc3 Rac8 24. Rac1 Nc7 25. dxc5 Bxc5 26. Kf1 Ne6 27.
Nxe6 Kxe6 28. Rxd8 Rxd8 29. Ke2 Rd7 30. Bd2 Rc7 31. Rg1 Ba3 32. Kd1 g6 33. g4
Rc5 34. Rg3 Rd5 35. Ke2 Be7 36. Rh3 h5 37. gxh5 Rxh5 38. Rg3 Kf5 39. f3 Rxh4
40. fxe4+ Rxe4 41. Kd3 Rh4 42. e4+ Rxe4 43. Rf3+ Ke5 44. Bc3+ Kd5 45. Bxf6 Bxf6
46. Rxf6 Re6 47. Rf7 a5 48. a3 Ke5 49. b4 axb4 50. axb4 g5 51. Ke3 Rg6 52. b5
g4 53. Rc7 g3 54. Rc1 Kd5 55. Kf3 g2 0-1

[Event "Madrid-ch Semifinal A"]
[Site "Madrid ESP"]
[Date "2016.03.29"]
[Round "8.4"]
[White "Martin Martin, Luis Vicente"]
[Black "Lorenzo Bailador, Alfredo"]
[Result "1-0"]
[WhiteElo "2024"]
[BlackElo "1991"]
[PlyCount "36"]
[EventDate "2016.03.07"]
[EventType "swiss"]
[EventRounds "9"]
[EventCountry "ESP"]
[Source "lmi"]
[SourceDate "2016.03.07"]

1. d4 d5 2. Bf4 Bf5 3. c4 e6 4. Nc3 c6 5. Qb3 Qb6 6. c5 Qxb3 7. axb3 Na6 8. e4
Bxe4 9. Nxe4 dxe4 10. Bxa6 bxa6 11. Rxa6 Ne7 12. Ne2 Nd5 13. Bg3 Nb4 14. Ra5
Nd3+ 15. Kd2 Be7 16. Rha1 Bf6 17. Ke3 e5 18. Kxe4 Nb4 1-0

[Event "Madrid-ch Semifinal A"]
[Site "Madrid ESP"]
[Date "2016.03.29"]
[Round "8.5"]
[White "Alvarez Abejon, Amilcar"]
[Black "Ruiz Quevedo, Andres"]
[Result "0-1"]
[WhiteElo "2016"]
[BlackElo "1896"]
[PlyCount "82"]
[EventDate "2016.03.07"]
[EventType "swiss"]
[EventRounds "9"]
[EventCountry "ESP"]
[Source "lmi"]
[SourceDate "2016.03.07"]

1. d4 Nf6 2. c4 c5 3. d5 a6 4. a4 e5 5. Nc3 d6 6. e4 Nbd7 7. Nf3 Be7 8. Bd3 O-O
9. a5 Ne8 10. g4 g6 11. Bh6 Ng7 12. Qe2 Nf6 13. h3 Kh8 14. Rg1 Ng8 15. Bd2 b6
16. axb6 Qxb6 17. Ra2 Bd7 18. h4 f5 19. gxf5 gxf5 20. Ng5 f4 21. f3 Nh5 22. Qg2
Bxg5 23. Qxg5 Ngf6 24. Qg2 Rg8 25. Qf2 Rxg1+ 26. Qxg1 Rg8 27. Qf2 Rg3 28. Kd1
Qb3+ 29. Kc1 Rh3 30. Rxa6 Ne8 31. Ra3 Qb8 32. Nb5 Ng3 33. Ra6 Nc7 34. Rxd6 Rh1+
35. Be1 Nxb5 36. Rxd7 Nd4 37. Kb1 Qe8 38. Ra7 Qb8 39. Ra4 Qb3 40. Ra8+ Kg7 41.
Bc2 Nxc2 0-1

[Event "Madrid-ch Semifinal A"]
[Site "Madrid ESP"]
[Date "2016.03.29"]
[Round "8.6"]
[White "Cabañas Bravo, Juan Andres"]
[Black "Madrigal Muga, Jose M"]
[Result "1-0"]
[WhiteElo "2009"]
[BlackElo "1982"]
[PlyCount "37"]
[EventDate "2016.03.07"]
[EventType "swiss"]
[EventRounds "9"]
[EventCountry "ESP"]
[Source "lmi"]
[SourceDate "2016.03.07"]

1. e4 c5 2. Nf3 e6 3. d4 cxd4 4. Nxd4 a6 5. Nc3 Qc7 6. Qf3 Nc6 7. Nb3 Nb4 8.
Qe2 g6 9. e5 Bg7 10. f4 d6 11. a3 Nc6 12. Nd5 Qd8 13. exd6 Qxd6 14. Nb6 Nd4 15.
Nc4 Qc7 16. Nxd4 Bxd4 17. Be3 Bxe3 18. Qxe3 Ke7 19. Nb6 1-0

[Event "Madrid-ch Semifinal A"]
[Site "Madrid ESP"]
[Date "2016.03.29"]
[Round "8.7"]
[White "Nuñez Reiz, Antonio"]
[Black "Camarero Izquierdo, Juan Carlos"]
[Result "0-1"]
[WhiteElo "2083"]
[BlackElo "1844"]
[PlyCount "90"]
[EventDate "2016.03.07"]
[EventType "swiss"]
[EventRounds "9"]
[EventCountry "ESP"]
[Source "lmi"]
[SourceDate "2016.03.07"]

1. b3 d5 2. Nf3 Nc6 3. Bb2 Bg4 4. e3 e5 5. h3 Bxf3 6. Qxf3 e4 7. Qd1 Qg5 8. Nc3
Nf6 9. d4 Bb4 10. a3 Ba5 11. b4 Bb6 12. Qd2 O-O 13. O-O-O a5 14. b5 Ne7 15. f4
exf3 16. gxf3 Qh6 17. Bd3 c6 18. a4 cxb5 19. axb5 a4 20. Ba3 Rfe8 21. Rdg1 Ba5
22. e4 Qxd2+ 23. Kxd2 Rac8 24. Bb2 a3 25. Ba1 Rc7 26. Rb1 Rec8 27. Rb3 a2 28.
e5 Nd7 29. Ra3 b6 30. f4 g6 31. Rf1 Nf8 32. f5 gxf5 33. Bxf5 Nxf5 34. Rxf5
Bxc3+ 35. Bxc3 Rxc3 36. Rxa2 Ne6 37. Rf6 Rxh3 38. Ra6 Rh2+ 39. Kd1 Rcxc2 40.
Ra8+ Kg7 41. Ra7 Rhd2+ 42. Ke1 Ng5 43. Rf5 Kg6 44. Rf6+ Kh5 45. e6 fxe6 0-1

[Event "Madrid-ch Semifinal A"]
[Site "Madrid ESP"]
[Date "2016.03.29"]
[Round "8.8"]
[White "Cano Mercado, Francisco Manuel"]
[Black "Ciuro Muñoz, Ricardo"]
[Result "0-1"]
[WhiteElo "1837"]
[BlackElo "2014"]
[PlyCount "72"]
[EventDate "2016.03.07"]
[EventType "swiss"]
[EventRounds "9"]
[EventCountry "ESP"]
[Source "lmi"]
[SourceDate "2016.03.07"]

1. e4 e6 2. d4 d5 3. Nd2 dxe4 4. Nxe4 Bd7 5. Bd3 Bc6 6. Nf3 Nd7 7. O-O Ngf6 8.
Qe2 Be7 9. Re1 O-O 10. Ng3 Bxf3 11. Qxf3 c6 12. Bd2 Re8 13. c4 Qb6 14. Bc3 Bb4
15. a3 Bxc3 16. bxc3 Qa5 17. Reb1 Rab8 18. Rb3 e5 19. Rab1 exd4 20. cxd4 Re1+
21. Nf1 Rxb1 22. Rxb1 g6 23. Bc2 Kg7 24. h3 c5 25. Rb5 Qc7 26. d5 a6 27. Rb1 b5
28. Ne3 bxc4 29. Rxb8 Qxb8 30. Nxc4 Qb7 31. Be4 Nxe4 32. Qxe4 Nf6 33. Nd6 Nxe4
34. Nxb7 c4 35. Kf1 c3 36. Na5 c2 0-1

[Event "Madrid-ch Semifinal A"]
[Site "Madrid ESP"]
[Date "2016.03.29"]
[Round "8.9"]
[White "Martos De La Vega, Alvar"]
[Black "Gonzalez Mateos, Rafael"]
[Result "0-1"]
[WhiteElo "1990"]
[BlackElo "2003"]
[PlyCount "82"]
[EventDate "2016.03.07"]
[EventType "swiss"]
[EventRounds "9"]
[EventCountry "ESP"]
[Source "lmi"]
[SourceDate "2016.03.07"]

1. d4 Nf6 2. c4 e6 3. Nc3 Bb4 4. a3 Bxc3+ 5. bxc3 d6 6. f3 h6 7. e4 b6 8. Bd3
Nc6 9. f4 e5 10. Nf3 O-O 11. O-O Re8 12. fxe5 dxe5 13. d5 Na5 14. Qe1 Ba6 15.
Nh4 Bxc4 16. Bxc4 Nxc4 17. Qg3 Nh5 18. Qg4 Nf6 19. Qf3 Nd6 20. Nf5 Nxf5 21.
Qxf5 Qd7 22. Qf3 Qg4 23. Qxg4 Nxg4 24. Ra2 Nf6 25. Re2 Nd7 26. Rf3 Rac8 27. Bb2
b5 28. c4 bxc4 29. Rc2 Nb6 30. Bc1 f6 31. a4 Nxa4 32. Rxc4 Nb6 33. Rc6 Red8 34.
Ba3 Nxd5 35. exd5 Rxd5 36. Bc5 Rb8 37. Bxa7 Rb1+ 38. Rf1 Rb2 39. Rxc7 Rdd2 40.
Rf2 Rxf2 41. Bxf2 Rb1+ 0-1

[Event "Madrid-ch Semifinal A"]
[Site "Madrid ESP"]
[Date "2016.03.29"]
[Round "8.10"]
[White "Pashov, Spas Nikolov"]
[Black "Perez Ordoñez, Jose Ramon"]
[Result "0-1"]
[WhiteElo "1834"]
[BlackElo "1966"]
[PlyCount "96"]
[EventDate "2016.03.07"]
[EventType "swiss"]
[EventRounds "9"]
[EventCountry "ESP"]
[Source "lmi"]
[SourceDate "2016.03.07"]

1. e4 c5 2. Nf3 e6 3. d4 cxd4 4. Nxd4 Nc6 5. Nc3 Qc7 6. Be3 a6 7. Be2 Nf6 8.
O-O b5 9. a3 Bb7 10. Nb3 d6 11. f4 Be7 12. Bf3 O-O 13. Qe2 Rac8 14. Na2 Nb8 15.
Nc3 Nbd7 16. Rfd1 Nb6 17. Bxb6 Qxb6+ 18. Qf2 Qc7 19. Rac1 Rfd8 20. Rd2 Nd7 21.
Nd1 Nb6 22. c3 Nc4 23. Re2 g6 24. Ne3 Nb6 25. Rd1 Bf6 26. Red2 Bg7 27. g3 Ba8
28. Kg2 Nc4 29. Rd3 a5 30. Nd4 Rb8 31. Nxc4 bxc4 32. R3d2 e5 33. Ne2 Rb6 34.
fxe5 Bxe5 35. Nf4 Rdb8 36. Rc2 Rb5 37. Nd5 Qd8 38. Rdd2 Kg7 39. Qe2 Qc8 40. Qf2
h5 41. Ne3 h4 42. gxh4 Qe6 43. Ng4 Bxe4 44. Nxe5 Rxe5 45. Re2 Qg4+ 46. Kf1 Qxf3
47. Qxf3 Bxf3 48. Rf2 Be4 0-1

[Event "Madrid-ch Semifinal A"]
[Site "Madrid ESP"]
[Date "2016.03.29"]
[Round "8.12"]
[White "Rosa Ramirez, Victor D"]
[Black "Marcos Herrero, Francisco"]
[Result "1/2-1/2"]
[WhiteElo "1971"]
[BlackElo "1963"]
[PlyCount "121"]
[EventDate "2016.03.07"]
[EventType "swiss"]
[EventRounds "9"]
[EventCountry "ESP"]
[Source "lmi"]
[SourceDate "2016.03.07"]

1. e4 c5 2. c3 g6 3. d4 cxd4 4. cxd4 d5 5. e5 Bg7 6. Nf3 Nc6 7. Nc3 Nh6 8. Be2
O-O 9. O-O f6 10. exf6 exf6 11. b3 Re8 12. Be3 Nf5 13. Nxd5 Be6 14. Nf4 Bf7 15.
d5 Nb4 16. Ne6 Nxe3 17. fxe3 Qb6 18. Qd4 Nxd5 19. Qxb6 axb6 20. Nxg7 Kxg7 21.
Bc4 Nxe3 22. Bxf7 Kxf7 23. Rf2 Re7 24. Nd4 Rd8 25. Nb5 Red7 26. Re2 Ng4 27.
Rae1 Ne5 28. h3 Rd2 29. Nc3 h5 30. Ne4 Rxe2 31. Rxe2 Rd1+ 32. Kf2 Ke6 33. Nc3
Rd3 34. Nb5 Kf5 35. Nc7 Rd7 36. Nb5 h4 37. Rc2 g5 38. Na3 Kf4 39. Nc4 Nd3+ 40.
Ke2 Nb4 41. Rc1 Re7+ 42. Kf1 f5 43. Nxb6 Re4 44. a3 Nd3 45. Rc4 Ke3 46. Kg1 Kd2
47. Rxe4 fxe4 48. Kf1 Kc2 49. b4 Kb3 50. Nd5 Kxa3 51. b5 Nf4 52. Nf6 e3 53. Nh7
e2+ 54. Ke1 Nxg2+ 55. Kxe2 Nf4+ 56. Kf3 Nxh3 57. Kg4 Nf2+ 58. Kf3 Nd1 59. Nxg5
Nc3 60. b6 Nd5 61. Nf7 1/2-1/2

[Event "Madrid-ch Semifinal A"]
[Site "Madrid ESP"]
[Date "2016.03.29"]
[Round "8.13"]
[White "Martin-Consuegra Barrilero, Francisco Javier"]
[Black "Lozano Sanchez, Jose Antonio"]
[Result "1/2-1/2"]
[WhiteElo "1841"]
[BlackElo "1886"]
[PlyCount "49"]
[EventDate "2016.03.07"]
[EventType "swiss"]
[EventRounds "9"]
[EventCountry "ESP"]
[Source "lmi"]
[SourceDate "2016.03.07"]

1. d4 d5 2. Nf3 Nf6 3. e3 c6 4. Be2 Bf5 5. c4 e6 6. O-O Nbd7 7. Nc3 Bd6 8. Qb3
Rb8 9. Rd1 Ne4 10. cxd5 exd5 11. Nxe4 Bxe4 12. Nd2 Qh4 13. g3 Qe7 14. Nxe4 Qxe4
15. Qd3 Nf6 16. Qxe4+ Nxe4 17. f3 Nf6 18. Bd2 Kd7 19. Bd3 Rbe8 20. Re1 h6 21.
Re2 g6 22. Rae1 Re6 23. Kg2 a6 24. e4 dxe4 25. fxe4 1/2-1/2

[Event "Madrid-ch Semifinal A"]
[Site "Madrid ESP"]
[Date "2016.03.29"]
[Round "8.14"]
[White "Marin Aso, Jose Luis"]
[Black "Valencia De Loma, Sergio"]
[Result "1/2-1/2"]
[WhiteElo "1852"]
[BlackElo "1689"]
[PlyCount "78"]
[EventDate "2016.03.07"]
[EventType "swiss"]
[EventRounds "9"]
[EventCountry "ESP"]
[Source "lmi"]
[SourceDate "2016.03.07"]

1. e4 c5 2. Nc3 e6 3. f4 g6 4. Nf3 Bg7 5. Bc4 Ne7 6. d3 O-O 7. O-O a6 8. Qe1 b5
9. Bb3 Bb7 10. Qh4 d5 11. f5 exf5 12. Bh6 f6 13. Ng5 fxg5 14. Bxg5 c4 15. Bxe7
Qb6+ 16. Kh1 Bf6 17. Bxf6 Qxf6 18. Qxf6 Rxf6 19. Nxd5 Bxd5 20. dxc4 Bxe4 21.
cxb5+ Kg7 22. bxa6 Nxa6 23. c3 Nc5 24. h3 Rfa6 25. Bc4 Rd6 26. Rf2 Rad8 27. a4
Nd3 28. Bxd3 Rxd3 29. a5 Rxh3+ 30. Kg1 Rhd3 31. a6 Rd1+ 32. Rf1 Rxf1+ 33. Kxf1
Bd3+ 34. Ke1 Ra8 35. a7 f4 36. Ra4 g5 37. Rd4 Bb5 38. Rd5 Bc6 39. Rc5 Bxg2
1/2-1/2

[Event "Madrid-ch Semifinal A"]
[Site "Madrid ESP"]
[Date "2016.03.29"]
[Round "8.15"]
[White "Perez Cameselle, Francisco Jose"]
[Black "Roldan Garcia, Angel"]
[Result "1/2-1/2"]
[WhiteElo "1868"]
[BlackElo "1840"]
[PlyCount "78"]
[EventDate "2016.03.07"]
[EventType "swiss"]
[EventRounds "9"]
[EventCountry "ESP"]
[Source "lmi"]
[SourceDate "2016.03.07"]

1. Nf3 Nf6 2. g3 g6 3. Bg2 Bg7 4. O-O O-O 5. d3 d6 6. e4 Nbd7 7. Qe2 e5 8. Nc3
a6 9. Nh4 Nc5 10. h3 Ne6 11. Nf3 Bd7 12. Be3 Qc8 13. Kh2 b5 14. Nd5 Nxd5 15.
exd5 Nd8 16. Qd2 f5 17. Bh6 Nf7 18. Bxg7 Kxg7 19. Ng5 Nxg5 20. Qxg5 Qd8 21.
Qxd8 Raxd8 22. f4 exf4 23. gxf4 Rde8 24. Rae1 Kf6 25. h4 Rxe1 26. Rxe1 Re8 27.
Rxe8 Bxe8 28. Kg3 h6 29. b4 g5 30. hxg5+ hxg5 31. fxg5+ Kxg5 32. Bh3 Bh5 33. a3
Bd1 34. c4 Be2 35. cxb5 axb5 36. d4 Bd3 37. Bg2 Bc4 38. Bf3 Bd3 39. Bg2 Bc4
1/2-1/2

[Event "Madrid-ch Semifinal A"]
[Site "Madrid ESP"]
[Date "2016.03.30"]
[Round "9.1"]
[White "Quevedo Marin, Manuel"]
[Black "Plazuelo Pascual, Juan"]
[Result "1/2-1/2"]
[WhiteElo "2231"]
[BlackElo "2249"]
[PlyCount "32"]
[EventDate "2016.03.07"]
[EventType "swiss"]
[EventRounds "9"]
[EventCountry "ESP"]
[Source "lmi"]
[SourceDate "2016.03.07"]

1. e4 c5 2. Nf3 e6 3. d4 cxd4 4. Nxd4 Nc6 5. Nc3 Qc7 6. g3 a6 7. Bg2 Nf6 8. O-O
Nxd4 9. Qxd4 Bc5 10. Bf4 d6 11. Qd3 h6 12. Na4 e5 13. Bd2 Be6 14. Nxc5 dxc5 15.
Qc3 Nd7 16. Be3 b5 1/2-1/2

[Event "Madrid-ch Semifinal A"]
[Site "Madrid ESP"]
[Date "2016.03.30"]
[Round "9.2"]
[White "Pastor Alonso De Prado, Alberto"]
[Black "Martin Martin, Luis Vicente"]
[Result "1-0"]
[WhiteElo "2141"]
[BlackElo "2024"]
[PlyCount "93"]
[EventDate "2016.03.07"]
[EventType "swiss"]
[EventRounds "9"]
[EventCountry "ESP"]
[Source "lmi"]
[SourceDate "2016.03.07"]

1. e4 d5 2. exd5 Qxd5 3. Nc3 Qa5 4. d4 c6 5. Nf3 Bf5 6. Ne5 Nf6 7. g4 Be4 8.
Nc4 Qc7 9. Nxe4 Nxe4 10. Qf3 Nf6 11. Bf4 Qd8 12. O-O-O Qd5 13. Qxd5 cxd5 14.
Ne5 Nbd7 15. g5 Nxe5 16. gxf6 Ng6 17. Bb5+ Kd8 18. fxe7+ Bxe7 19. Bg3 Bg5+ 20.
Kb1 Bf4 21. Rd3 Kc7 22. h4 Bxg3 23. Rxg3 Rhg8 24. Rf3 Raf8 25. Bd3 Rh8 26. h5
Ne7 27. Re1 Nc6 28. c3 g6 29. Rf6 Kd7 30. b4 a6 31. a4 gxh5 32. Bf5+ Kc7 33. b5
axb5 34. axb5 Na5 35. b6+ Kb8 36. Re5 Rd8 37. Re7 Nc4 38. Rfxf7 Nd6 39. Rxh7
Rhf8 40. Be6 Rxf2 41. Rxh5 Nb5 42. Rhh7 Nxc3+ 43. Kc1 Na2+ 44. Kd1 Nc3+ 45. Ke1
Re2+ 46. Kf1 Rf8+ 47. Ref7 1-0

[Event "Madrid-ch Semifinal A"]
[Site "Madrid ESP"]
[Date "2016.03.30"]
[Round "9.3"]
[White "Iagar, Razvan-Gabriel"]
[Black "Cabañas Bravo, Juan Andres"]
[Result "1-0"]
[WhiteElo "2136"]
[BlackElo "2009"]
[PlyCount "59"]
[EventDate "2016.03.07"]
[EventType "swiss"]
[EventRounds "9"]
[EventCountry "ESP"]
[Source "lmi"]
[SourceDate "2016.03.07"]

1. d4 Nf6 2. Nf3 g6 3. c4 Bg7 4. Nc3 d5 5. e3 O-O 6. cxd5 Nxd5 7. Bc4 Nb6 8.
Bb3 Na6 9. O-O c5 10. Qe2 Bg4 11. Rd1 cxd4 12. exd4 Nc7 13. Qe4 Bxf3 14. Qxf3
Rb8 15. Bf4 e6 16. Rac1 Qd7 17. Ne4 Nba8 18. Qg3 Rbc8 19. Nd6 Rb8 20. Ne4 Rfc8
21. Nc5 Qe7 22. Bd6 Qd8 23. Ne4 Nb5 24. Bxb8 Nxd4 25. Qg5 Qd7 26. Rxc8+ Qxc8
27. Nf6+ Kh8 28. Rxd4 Qxb8 29. Rh4 h5 30. Rxh5+ 1-0

[Event "Madrid-ch Semifinal A"]
[Site "Madrid ESP"]
[Date "2016.03.30"]
[Round "9.4"]
[White "Ruiz Quevedo, Andres"]
[Black "Longa Yauca, Javier"]
[Result "1/2-1/2"]
[WhiteElo "1896"]
[BlackElo "2276"]
[PlyCount "31"]
[EventDate "2016.03.07"]
[EventType "swiss"]
[EventRounds "9"]
[EventCountry "ESP"]
[Source "lmi"]
[SourceDate "2016.03.07"]

1. Nf3 d5 2. g3 Nf6 3. Bg2 g6 4. O-O c5 5. c4 Bg7 6. cxd5 Nxd5 7. Nc3 Nc7 8. a3
Nc6 9. Rb1 O-O 10. d3 b6 11. Bd2 a5 12. Ne1 Bd7 13. Nc2 Rc8 14. b4 cxb4 15.
axb4 axb4 16. Nxb4 1/2-1/2

[Event "Madrid-ch Semifinal A"]
[Site "Madrid ESP"]
[Date "2016.03.30"]
[Round "9.5"]
[White "Camarero Izquierdo, Juan Carlos"]
[Black "Lopez de Turiso, Jose Angel"]
[Result "0-1"]
[WhiteElo "1844"]
[BlackElo "2051"]
[PlyCount "72"]
[EventDate "2016.03.07"]
[EventType "swiss"]
[EventRounds "9"]
[EventCountry "ESP"]
[Source "lmi"]
[SourceDate "2016.03.07"]

1. d4 d5 2. Nc3 Bf5 3. f3 Nf6 4. Bg5 Nbd7 5. e3 c6 6. Bd3 Bxd3 7. Qxd3 e5 8.
O-O-O exd4 9. exd4 Be7 10. f4 O-O 11. Nf3 b5 12. Ne5 Nxe5 13. dxe5 Nd7 14. Bxe7
Qxe7 15. Ne2 Nb6 16. Nd4 Rfc8 17. Nf5 Qf8 18. Nd6 Rc7 19. f5 f6 20. g4 fxe5 21.
Nxb5 cxb5 22. Qxb5 Rac8 23. Rd2 Qc5 24. Qb3 Qc4 25. Re1 Qxb3 26. axb3 Re8 27.
Rde2 Rce7 28. Kd2 Kf7 29. Kc3 Kf6 30. Kb4 Rc7 31. h4 Rb8 32. g5+ Kf7 33. Ka5
Rc5+ 34. Ka6 Nc8 35. g6+ hxg6 36. fxg6+ Kg8 0-1

[Event "Madrid-ch Semifinal A"]
[Site "Madrid ESP"]
[Date "2016.03.30"]
[Round "9.6"]
[White "Lorenzo Bailador, Alfredo"]
[Black "Ciuro Muñoz, Ricardo"]
[Result "0-1"]
[WhiteElo "1991"]
[BlackElo "2014"]
[PlyCount "108"]
[EventDate "2016.03.07"]
[EventType "swiss"]
[EventRounds "9"]
[EventCountry "ESP"]
[Source "lmi"]
[SourceDate "2016.03.07"]

1. e4 e6 2. d4 d5 3. Nd2 dxe4 4. Nxe4 Bd7 5. Nf3 Bc6 6. Bd3 Nd7 7. O-O Ngf6 8.
Qe2 Be7 9. c3 O-O 10. Bf4 Re8 11. Rfe1 Bxe4 12. Bxe4 Nxe4 13. Qxe4 c6 14. Be5
Nxe5 15. Nxe5 Bf6 16. Nd3 Qd5 17. Qe2 g6 18. f4 Be7 19. b4 a5 20. a3 Qc4 21.
Qd2 Bf6 22. Nc5 b6 23. Nd7 Bd8 24. Ne5 Qd5 25. Qb2 c5 26. dxc5 axb4 27. cxb4
Bf6 28. cxb6 Qb5 29. Qf2 Bd8 30. Kh1 Bxb6 31. Qe2 Qxe2 32. Rxe2 Bd4 33. Raa2
Rec8 34. g3 Rc3 35. a4 f6 36. Ng4 Rc4 37. Rxe6 Rxb4 38. a5 Kf7 39. Rc6 Ra7 40.
Kg2 h5 41. Nf2 Bxf2 42. Kxf2 h4 43. Kf3 hxg3 44. hxg3 f5 45. Ra3 Re4 46. g4 Re6
47. Rc5 fxg4+ 48. Kxg4 Rea6 49. Kg5 Ke7 50. Kh6 Kf6 51. Rg5 Kf7 52. Ra4 Ra8 53.
Rb5 Rh8+ 54. Kg5 Rh5+ 0-1

[Event "Madrid-ch Semifinal A"]
[Site "Madrid ESP"]
[Date "2016.03.30"]
[Round "9.7"]
[White "Rottenwohrer Suarez, Juan"]
[Black "Gonzalez Mateos, Rafael"]
[Result "1-0"]
[WhiteElo "1985"]
[BlackElo "2003"]
[PlyCount "43"]
[EventDate "2016.03.07"]
[EventType "swiss"]
[EventRounds "9"]
[EventCountry "ESP"]
[Source "lmi"]
[SourceDate "2016.03.07"]

1. c4 e5 2. g3 f5 3. d4 exd4 4. Nf3 c5 5. e3 dxe3 6. Bxe3 Nf6 7. Nc3 d6 8. Bg2
Nc6 9. O-O Be7 10. Re1 O-O 11. Qd2 Ne5 12. b3 Nfg4 13. Rad1 Nxe3 14. Qxe3 f4
15. gxf4 Nxf3+ 16. Bxf3 Bf6 17. Nb5 Qa5 18. Nxd6 Bd4 19. Bd5+ Kh8 20. Nf7+ Kg8
21. Qe7 Bg4 22. Nd8+ 1-0

[Event "Madrid-ch Semifinal A"]
[Site "Madrid ESP"]
[Date "2016.03.30"]
[Round "9.8"]
[White "Madrigal Muga, Jose M"]
[Black "Lopez Heras, Arturo"]
[Result "1-0"]
[WhiteElo "1982"]
[BlackElo "1841"]
[PlyCount "71"]
[EventDate "2016.03.07"]
[EventType "swiss"]
[EventRounds "9"]
[EventCountry "ESP"]
[Source "lmi"]
[SourceDate "2016.03.07"]

1. e4 e5 2. Nf3 Nc6 3. Bc4 Bc5 4. O-O Nf6 5. d3 O-O 6. Nc3 h6 7. Be3 Bxe3 8.
fxe3 d6 9. a3 Ne7 10. Qe1 c6 11. h3 Ng6 12. Rd1 a5 13. Rd2 b5 14. Ba2 b4 15.
Ne2 Qe7 16. a4 Bd7 17. Ng3 Rfe8 18. Rdf2 d5 19. Nh2 Ra7 20. Rxf6 gxf6 21. Nh5
f5 22. exf5 Qg5 23. fxg6 f5 24. Ng3 f4 25. Ne4 Qxg6 26. Ng4 Bxg4 27. hxg4 Kh7
28. Nf2 Rg7 29. e4 h5 30. exd5 e4 31. dxe4 Re5 32. dxc6 hxg4 33. Nd3 Rh5 34.
Nxf4 Qxc6 35. Nxh5 Qc5+ 36. Qf2 1-0